Diseño, construcción y evaluación preliminar de un sistema de extracción de aceites esenciales mediante el disolvente 1,1,1,2-Tetraflouretano (R134a)
Guardado en:
| Hovedforfatter: | |
|---|---|
| Format: | Bog |
| Sprog: | Spanish |
| Udgivet: |
[San José , Costa Rica]
2018
|
| Fag: | |
| Tags: |
Tilføj Tag
Ingen Tags, Vær først til at tagge denne postø!
|
MARC
| LEADER | 00000nam a22000007a 4500 | ||
|---|---|---|---|
| 003 | 012937 | ||
| 005 | 20221231144400.0 | ||
| 008 | 181029b2018 cr a|||| |||m 00| ||spa d | ||
| 040 | |c cru CEDI | ||
| 090 | |a TFG 8088 | ||
| 100 | |9 14412 |a Cerdas Chacón, Mónica | ||
| 245 | |a Diseño, construcción y evaluación preliminar de un sistema de extracción de aceites esenciales mediante el disolvente 1,1,1,2-Tetraflouretano (R134a) | ||
| 260 | |a [San José , Costa Rica] |c 2018 | ||
| 300 | |a xxiv, 148 hojas :ilustraciones a color | ||
| 500 | |a Proyecto de graduación(licenciatura en ingeniería química)--Universidad de Costa Rica. Facultad de Ingeniería. Escuela de Ingeniería Química | ||
| 650 | |x DISOLVENTES |x EXTRACCION (QUIMICA) |x ESENCIAS Y ACEITES ESENCIALES |9 14413 | ||
| 942 | |c TFG | ||
| 999 | |c 21042 |d 21042 | ||
